000 00578nam a22001817a 4500
005 20170615153142.0
010 _aENG-118673
020 _a9789352602476
_c295.00
035 _aEN-102205
037 _bDBAD/PUB
082 _a535.2
100 _aBahety, Sanjay K
245 _aConcepts of modern physics /
_cby Sanjay K Bahety
260 _aChennai
_bMcGraw Hill Education
_c2017
270 _a444/1,Sri Ekambara Naicker Industrial Estate, Alapakkam, Porur
_bChennai
_e600116
300 _avarious pages.:
_c24cm(pbk)
_bill
942 _2ddc
_cEN
_h535.2
_mBAH
999 _c141166
_d141166